| 000 | 01993nam2a22003251 4500 | ||
|---|---|---|---|
| 001 | rc\1157745 | ||
| 005 | 20250622214031.0 | ||
| 010 |
_bВ пер. _d3 р. 40 к. _93000 |
||
| 021 |
_aRU _b81-613 |
||
| 035 | _a(NLR Aleph) 006430969 | ||
| 090 |
_a5547475 _c5547475 |
||
| 100 | _a20041129d1980 |||y0rusy50 ca | ||
| 101 | 1 |
_arus _ceng |
|
| 102 | _aRU | ||
| 105 | _aa z|||||||| | ||
| 200 | 0 |
_a[Т.] 1 _f[Н. Тринайстич, Г. Клопман, Р. Ивэнс и др.] |
|
| 210 |
_d1980 _aБ. м. |
||
| 215 |
_a327 с. _cил. |
||
| 300 | _aПеревод издания: Semiempirical methods of electronic structure calculation. part A: Techniques / N. Trinajstić, G. Klopman, J.-P. Molrien, J.W.D. Connolly, A. Warshel, J.C. Tully, K.F. Freed. - New York ; London, 1977 | ||
| 454 | 0 |
_12001#$aSemiempirical methods of electronic structure calculation$hpart A$iTechniques$fN. Trinajstić, G. Klopman, J.-P. Molrien, J.W.D. Connolly, A. Warshel, J.C. Tully, K.F. Freed _1210##$aNew York$aLondon$d1977 _1701#1$aTrinajstić,$bN. _1701#1$aKlopman$bG. _1701#1$aMolrien$bJ.-P.$gJean-Paul _1701#1$aConnolly$bJ.W.D.$gJohn W.D. _1701#1$aWarshel$bA. _1701#1$aTully$bJ.C.$gJohn C. _1701#1$aFreed$bK.F.$gKarl F. _tSemiempirical methods of electronic structure calculation |
|
| 461 | 0 |
_1001rc\1157744 _12001#$aПолуэмпирические методы расчета электронной структуры$e[В 2 т.]$fРед. Дж. Сигал$gПер. с англ. Е.Л. Розенберга$gПод ред. А.М. Бродского$v[Т.] 1 _95547469 _cМосква _d1980 _fред. Дж. Сигал _nМир _o[в 2-х томах] _p2 т. _tПолуэмпирические методы расчета электронной структуры _v[Т.] 1 |
|
| 701 | 1 |
_aТринайстич _bН. |
|
| 701 | 1 |
_aКлопман _bГ. |
|
| 701 | 1 |
_aИвэнс _bР. |
|
| 801 | 0 |
_aRU _bNLR _gpsbo |
|
| 801 | 1 |
_aRU _bELAR _2rusmarc |
|
| 852 |
_aNLR _j81-5/1769 |
||
| 942 | _cBOOK | ||
| 980 | _aNB | ||